| 000 | 00801cam a22002771 4500 | ||
|---|---|---|---|
| 001 | sa 68016944 | ||
| 003 | DLC | ||
| 005 | 20260227112658.0 | ||
| 008 | 890227s1967 xx 000 0 san | ||
| 010 | _asa 68016944 | ||
| 035 | _a(OCoLC)23556962 | ||
| 040 |
_aDLC _cMiU _dDLC |
||
| 041 | 0 | _asaneng | |
| 042 | _apremarc | ||
| 050 | 0 | 0 |
_aPK875 _b.B48 |
| 100 | 1 | _aBhāskarādhvarīndra. | |
| 245 | 1 | 0 | _aSāmavedārṣeyadīpaḥ. |
| 260 | _c1967. | ||
| 300 |
_axvii, 202 p. _c25 cm. |
||
| 490 | 0 |
_a#, _v7 |
|
| 500 | _aAdded t. p.: Sāmavedārṣeya dīpa. | ||
| 500 | _aIn Sanskrit: introductory matter and notes in English. | ||
| 504 | _aIncludes bibliographical references. | ||
| 650 | 0 |
_aSanskrit language _xMetrics and rhythmics |
|
| 700 | 1 |
_aSharma, Bellikoth Ramachandra, _d1912- _eed. |
|
| 999 |
_c87414 _d87414 |
||